书目信息 |
| 题名: |
弈林点滴
|
|
| 作者: | 王品璋 著 | |
| 分册: | ||
| 出版信息: | 天津 天津科学技术出版社 2016 |
|
| 页数: | 202页, [8] 页图版 | |
| 开本: | 24cm | |
| 丛书名: | ||
| 单 册: | ||
| 中图分类: | G891.1 | |
| 科图分类: | ||
| 主题词: | 国际象棋--guo ji xiang qi--文集 | |
| 电子资源: | ||
| ISBN: | 978-7-5576-1923-7 | |
| 000 | 00817nam0 2200241 450 | |
| 001 | 012001003461 | |
| 005 | 20141205105047.0 | |
| 010 | @a978-7-5576-1923-7@dCNY40.00 | |
| 099 | @aCAL 012022050380 | |
| 100 | @a20220905d2016 em y0chiy50 ea | |
| 101 | 0 | @achi |
| 102 | @aCN@b120000 | |
| 105 | @aaf z 000yy | |
| 106 | @ar | |
| 200 | 1 | @a弈林点滴@Ayi lin dian di@f王品璋著 |
| 210 | @a天津@c天津科学技术出版社@d2016 | |
| 215 | @a202页, [8] 页图版@c图@d24cm | |
| 330 | @a本书是作者多年从事国际象棋事业的经验总结, 记述了重大比赛、活动的过程, 记述了棋界值得怀念的、鲜为人知的一些事例, 也记述了作者对国际象棋事业的感悟。 | |
| 606 | 0 | @a国际象棋@Aguo ji xiang qi@j文集 |
| 690 | @aG891.1@v5 | |
| 701 | 0 | @a王品璋@Awang pin zhang@c(国际象棋)@4著 |
| 801 | 0 | @aCN@bAHXH@c20221111 |
| 905 | @b1377930-4@dG891.1@e568@f5 | |
| 弈林点滴/王品璋著.-天津:天津科学技术出版社,2016 |
| 202页, [8] 页图版:图;24cm |
| ISBN 978-7-5576-1923-7:CNY40.00 |
| 本书是作者多年从事国际象棋事业的经验总结, 记述了重大比赛、活动的过程, 记述了棋界值得怀念的、鲜为人知的一些事例, 也记述了作者对国际象棋事业的感悟。 |
| ● |
| 相关链接 |
|
|
|
|
正题名:弈林点滴
索取号:G891.1/568
 
预约/预借
| 序号 | 登录号 | 条形码 | 馆藏地/架位号 | 状态 | 备注 |
| 1 | 1377930 | 213779302 | 第一样本阅览室/ [索取号:G891.1/568] | 在馆 | |
| 2 | 1377931 | 213779311 | 教育系资料室/ [索取号:G891.1/568] | 在馆 | |
| 3 | 1377932 | 213779320 | 教育系资料室/ [索取号:G891.1/568] | 在馆 | |
| 4 | 1377933 | 213779339 | 第四借阅区/ [索取号:G891.1/568] | 在馆 | |
| 5 | 1377934 | 213779348 | 第四借阅区/ [索取号:G891.1/568] | 在馆 |